000 00431cam a2200181ua 4500
020 _c7.00
041 _ahin
_h
082 _a891.54
_bMAK/SA
100 _aMakengi, G S .
245 _aSamaj-darshan ki rooprekha /
_cG S Makengi.
_hTextual Documents
250 _a1 /
_b.
260 _aDelhi :
_bRajkamal Prakashan ,
_c1962.
300 _a232 ; .
365 _a7.00
504 _a
942 _cBK
999 _c8422
_d8422